000 00518nam a2200217Ia 4500
003 OSt
005 20220924150239.0
006 a|||||r|||| 00| 0
007 ta
008 220923b |||||||| |||| 00| 0 snd d
024 _a332522
037 _cTextual
040 _aARTS
_cARTS
_bsnd
041 _2snd
_asnd
082 _aV2:25xM97, 1593H7
245 0 _aVeer kharjana
260 _c1947
650 _aINDIA - HISTORY
942 _hV2:25xM97, 1593H7
_cTEXL
_2CC
999 _c462752
_d462752